| 000 | 00619nam a2200181 i 4500 | ||
|---|---|---|---|
| 001 | 88234 | ||
| 003 | ES-MaACL | ||
| 005 | 20230906175825.0 | ||
| 007 | t| | ||
| 008 | 050103s1904 sp ||||1| spa d | ||
| 100 | 1 |
_aLaiglesia, Francisco de ( _d1850-1922) _969670 |
|
| 245 | 1 | 4 |
_aLos caudales de Indias en la primera mitad del siglo XVI / _cFrancisco de Laiglesia. |
| 260 |
_aMadrid : _bL. Aguado, _c1904. |
||
| 300 |
_a29 p. ; _c27 cm. |
||
| 500 | _aEs Separata de: Revista "Nuestro Tiempo" (Marzo de 1904) | ||
| 651 | 4 |
_aAmérica española- _xSituación económica- _yS.XVI. _9158557 |
|
| 852 |
_aES-MaACL _jT-1028-F-15 |
||
| 999 |
_c88234 _d88234 |
||